| 000 | 00932nam a2200217Ia 4500 | ||
|---|---|---|---|
| 001 | b7049-51176 | ||
| 003 | IT-MiCISF | ||
| 008 | 161014s9999||||xx |||||||||||||| ||und|| | ||
| 040 |
_aIT-MiCISF _cIT-MiCISF |
||
| 041 | _ait | ||
| 100 | _aAndolfi Maurizio (a cura di) | ||
| 245 | 0 | _aLe perdite e le risorse della famiglia | |
| 250 | _a1a ed. | ||
| 260 |
_a Milano _bRaffaello Cortina _c2007 |
||
| 300 | _app. 322 | ||
| 500 | _aCardinali F., Beneduce R., Andolfi M., D'Elia A., Schmitt F., Piha J., Rubbini Paglia P., Apreda G., Riccardi R., Mignani S., D'Elia F., Sciamplicotti F., Chaltiel P., Romano E., Macciocchi A., Petrelli P. / famiglia, lutto, morte, suicidio, adolescenza, dolore, violenza, malato-terminale, malato-oncologico, infanzia, malattia, rapporti-fratelli, terapia-familiare, case-studies / | ||
| 650 | _afamiglia | ||
| 700 | _a D'Elia Antonella (a cura di) | ||
| 942 | _cBK | ||
| 957 | _71 | ||
| 999 |
_a51176 _bsi _g1 _c209933 _d209933 |
||